General metallurgy (Record no. 548517)

000 -LEADER
fixed length control field 00387cam a2200145 4500
082 00 - DEWEY DECIMAL CLASSIFICATION NUMBER
Classification number 669
Author Mark SEV
-- L-17, P-80
100 1# - MAIN ENTRY--PERSONAL NAME
Personal name Kuznetsov Boris
9 (RLIN) 44858
245 10 - TITLE STATEMENT
Title General metallurgy
260 ## - PUBLICATION, DISTRIBUTION, ETC.
Place of publication, distribution, etc. Moscow,
Name of publisher, distributor, etc. MirPublishers
Date of publication, distribution, etc. [1969]
300 ## - PHYSICAL DESCRIPTION
Extent 555 p.
Other physical details illus.
Dimensions 22 cm.
526 ## - STUDY PROGRAM INFORMATION NOTE
Program name 0
Interest level 0
Reading level 0
Title point value 669_000000000000000_SEV
650 #0 - SUBJECT ADDED ENTRY--TOPICAL TERM
Topical term or geographic name entry element MCE
9 (RLIN) 379
650 #0 - SUBJECT ADDED ENTRY--TOPICAL TERM
Topical term or geographic name entry element Metallurgy.
9 (RLIN) 25466
942 ## - ADDED ENTRY ELEMENTS (KOHA)
Source of classification or shelving scheme
Koha item type Book
Holdings
Withdrawn status Lost status Source of classification or shelving scheme Damaged status Not for loan Permanent Location Current Location Date acquired Total Checkouts Full call number Barcode Date last seen Price effective from Koha item type
          Military College of Engineering (MCE) Military College of Engineering (MCE) 08/29/2014   669 SEV MCE-3485 08/29/2014 08/29/2014 Book
© 2023 Central Library, National University of Sciences and Technology. All Rights Reserved.